LIBRARY & INFORMATION CENTRE, KCAET, TAVANUR

ONLINE PUBLIC ACCESS CATALOGUE (OPAC)

Calculations for molecular biology and biotechnology: A guide to mathematics in the laboratory / (Record no. 13275)

MARC details
000 -LEADER
fixed length control field 00444cam a2200145ua 4500
041 ## - LANGUAGE CODE
Language code of text/sound track or separate title eng
082 ## - DEWEY DECIMAL CLASSIFICATION NUMBER
Classification number 660.6
Item number STE/CA
100 ## - MAIN ENTRY--AUTHOR NAME
Personal name Stephenson, Frank H .
245 ## - TITLE STATEMENT
Title Calculations for molecular biology and biotechnology: A guide to mathematics in the laboratory /
260 ## - PUBLICATION, DISTRIBUTION, ETC. (IMPRINT)
Place of publication New York :
Name of publisher Academic Press ,
Year of publication 2004.
300 ## - PHYSICAL DESCRIPTION
Number of Pages 301 ;
Accompanying material CD.
942 ## - ADDED ENTRY ELEMENTS (KOHA)
Koha item type Books
Holdings
Withdrawn status Lost status Damaged status Home library Current library Date acquired Full call number Accession Number Koha item type
      KAUAET KAUAET 07/04/2012 660.6 21831 Books
free website counter